| 000 | 00636nam a22002412i 4500 | ||
|---|---|---|---|
| 001 | 76613 | ||
| 003 | BD-RjUL | ||
| 005 | 20211209082850.0 | ||
| 008 | 860101s1956 xx 000 0 eng u | ||
| 035 | _aBD-RjUL)76837 | ||
| 040 |
_aSNC _dUKM _dEQO _beng _cBD-RjUL |
||
| 041 | _aeng | ||
| 082 |
_a813.5 _bHAC 1955 |
||
| 092 | _aD0503121163 | ||
| 100 | 1 |
_aHawley, Cameron. _9236896 |
|
| 245 | 1 | 0 |
_aCash McCall : a novel / _c by Cameron Hawley |
| 260 |
_aLondon : _bHammond, _c1956 |
||
| 300 |
_a446 p. ; _c21 cm |
||
| 650 |
_aEnglish Fiction _9236897 |
||
| 942 |
_2ddc _cBK |
||
| 999 |
_c76613 _d76613 |
||